[Event "DSOL 2021"]
[Site "Germany"]
[Date "2021.03.24"]
[Round "7.4"]
[White "Noetzel, Felix"]
[Black "Nagel, Bernhard"]
[Result "0-1"]
[WhiteElo "2263"]
[BlackElo "2180"]
[Annotator "TA"]
[PlyCount "126"]
[EventDate "2021.01.18"]
[EventType "team-tourn"]
[EventCountry "GER"]
[SourceTitle "playchess.com"]
[Source "ChessBase"]
[SourceQuality "1"]

1. c4 e6 2. Nf3 d5 3. g3 dxc4 4. Bg2 Nf6 5. Qa4+ Bd7 6. Qxc4 c5 7. Ne5 Nc6 8. Nxd7 Qxd7 9. O-O Rc8 10. b3 Be7 11. Bb2 O-O 12. Qc2 Nd4 13. Qd1 Rfd8 14. d3 Nd5 15. Nc3 Nxc3 16. Bxc3 b6 17. Rc1 Bf6 18. e3 Nc6 19. Bxf6 gxf6 20. Qg4+ Kh8 21. Qh4 Qe7 22. d4 f5 23. dxc5 Qxh4 24. gxh4 bxc5 25. Rxc5 Nb4 26. Rxc8 Rxc8 27. a3 Nd3 28. Rd1 Rc3 29. Bf1 Ne5 30. f4 Ng4 31. Rd3 Rc1 32. h3 Nf6 33. Kg2 Rc2+ 34. Kf3 Ne4 35. Be2 Kg7 36. b4 Ra2 37. b5 Kf6 38. h5 h6 39. Rd8 Rxa3 40. Ra8 Ra5 41. Bd3 Nd6 42. Rb8 Ra3 43. Be2 Ne4 44. Ra8 Ra5 45. Bd3 Nc3 46. Rb8 Ra3 47. Rb7 Nd5 48. Ke2 Nb4 49. Bc4 Rc3 50. Rc7 Nd5 51. Rc6 Nxe3 52. Ba2 Ra3 53. Ra6 Rxa6 54. bxa6 Nd5 55. Kf3 Nb4 56. Bc4 Ke7 57. Ke3 Kd6 58. Bb5 f6 59. Kf3 e5 60. Bc4 Nd5 61. Bd3 e4+ 62. Bxe4 fxe4+ 63. Kxe4 Ke6 0-1

[Event "DSOL 2021"]
[Site "Germany"]
[Date "2021.03.24"]
[Round "7.4"]
[White "Rupp, Markus"]
[Black "Surmann, Christoph"]
[Result "1-0"]
[WhiteElo "2255"]
[BlackElo "1607"]
[Annotator "TA"]
[PlyCount "101"]
[EventDate "2021.01.18"]
[EventType "team-tourn"]
[EventCountry "GER"]
[SourceTitle "playchess.com"]
[Source "ChessBase"]
[SourceQuality "1"]

1. d4 Nf6 2. c4 g6 3. Nf3 Bg7 4. g3 O-O 5. Bg2 d5 6. cxd5 Nxd5 7. O-O c6 8. Nc3 Nxc3 9. bxc3 Bf5 10. Re1 Nd7 11. e4 Bg4 12. Qb3 Bxf3 13. Bxf3 Qb6 14. Ba3 Rfe8 15. e5 Qxb3 16. axb3 e6 17. Bd6 Bf8 18. Bxf8 Kxf8 19. b4 Nb6 20. b5 Nd5 21. bxc6 bxc6 22. c4 Nb4 23. Ra4 a5 24. Rea1 Nc2 25. Bxc6 Nxa1 26. Bxe8 Kxe8 27. Rxa1 a4 28. Kf1 Kd7 29. Ke2 Kc6 30. Kd3 Kb6 31. Kc3 Ka5 32. f4 Rb8 33. Ra3 Rb1 34. d5 exd5 35. cxd5 Rd1 36. Kc4 g5 37. f5 g4 38. e6 fxe6 39. dxe6 Re1 40. Kd5 Kb4 41. Rxa4+ Kxa4 42. f6 Kb5 43. f7 Rd1+ 44. Ke5 Re1+ 45. Kd6 Rd1+ 46. Ke7 Rd2 47. f8=Q Rxh2 48. Qf5+ Kc6 49. Qxg4 Kd5 50. Qf5+ Kd4 51. Kf7 1-0

[Event "DSOL 2021"]
[Site "Germany"]
[Date "2021.03.25"]
[Round "7.4"]
[White "Kersting, Martin"]
[Black "Rudolph, Lukas"]
[Result "1-0"]
[WhiteElo "2172"]
[BlackElo "1864"]
[Annotator "TA"]
[PlyCount "93"]
[EventDate "2021.01.18"]
[EventType "team-tourn"]
[EventCountry "GER"]
[SourceTitle "playchess.com"]
[Source "ChessBase"]
[SourceQuality "1"]

1. d4 d5 2. Nf3 c6 3. c4 e6 4. e3 f5 5. Be2 Nf6 6. O-O Bd6 7. b3 Qe7 8. Bb2 O-O 9. Nbd2 Bd7 10. Ne5 Be8 11. f4 Nbd7 12. c5 Bc7 13. b4 Ne4 14. Nxe4 fxe4 15. a4 a6 16. Bc3 Nxe5 17. fxe5 Rxf1+ 18. Qxf1 Qg5 19. Qf4 Qxf4 20. exf4 Bd7 21. Bd2 g6 22. g4 h6 23. Kg2 Kg7 24. Kg3 Bd8 25. h4 Be7 26. Rh1 Rh8 27. h5 g5 28. fxg5 hxg5 29. Rb1 Ra8 30. Kf2 Rf8+ 31. Ke1 Ra8 32. Kd1 Kh6 33. Kc2 Kg7 34. Rb3 Rf8 35. Be3 Ra8 36. Kb2 Be8 37. b5 axb5 38. axb5 Ra5 39. Ra3 Rxb5+ 40. Bxb5 cxb5 41. Ra8 Bd7 42. Rb8 Bc6 43. Rc8 Kf7 44. Rc7 Kf8 45. h6 Bd8 46. h7 Bxc7 47. h8=Q+ 1-0

[Event "DSOL 2021"]
[Site "Germany"]
[Date "2021.03.22"]
[Round "7.4"]
[White "Schneider, Frank"]
[Black "Hirse, Dirk"]
[Result "0-1"]
[WhiteElo "2090"]
[BlackElo "1758"]
[Annotator "TA"]
[PlyCount "64"]
[EventDate "2021.01.18"]
[EventType "team-tourn"]
[EventCountry "GER"]
[SourceTitle "playchess.com"]
[Source "ChessBase"]
[SourceQuality "1"]

1. d4 Nf6 2. Nc3 e6 3. Bf4 d5 4. e3 Bd6 5. Bg3 O-O 6. Nf3 b6 7. Bd3 c5 8. Nb5 Bxg3 9. hxg3 c4 10. Be2 a6 11. Nc3 Nc6 12. Ne5 Bd7 13. f4 h6 14. Bf3 b5 15. g4 b4 16. Ne2 Ne4 17. Bxe4 dxe4 18. Ng3 Nxe5 19. dxe5 Bc6 20. Qe2 Rc8 21. g5 c3 22. bxc3 Bb5 23. Qg4 Rxc3 24. Rxh6 Rxe3+ 25. Kf2 Qd2+ 26. Kg1 Rd8 27. Nh5 Re1+ 28. Kh2 Qf2 29. Nf6+ Kf8 30. g6 Qg1+ 31. Kg3 Re3+ 32. Kh4 Qh2+ 0-1

[Event "DSOL 2021"]
[Site "Germany"]
[Date "2021.03.23"]
[Round "7.4"]
[White "Cmiel, Thorsten"]
[Black "Brkic, Tomislav"]
[Result "0-1"]
[WhiteElo "2083"]
[BlackElo "1716"]
[Annotator "TA"]
[PlyCount "98"]
[EventDate "2021.01.18"]
[EventType "team-tourn"]
[EventCountry "GER"]
[SourceTitle "playchess.com"]
[Source "ChessBase"]
[SourceQuality "1"]

1. e4 c6 2. d4 d5 3. e5 Bf5 4. h4 h6 5. g4 Bh7 6. e6 fxe6 7. Bd3 Bxd3 8. Qxd3 Nf6 9. Nf3 Na6 10. Ne5 Qb6 11. Qg6+ Kd8 12. Nf7+ Kd7 13. c3 Rg8 14. g5 hxg5 15. hxg5 Re8 16. Ne5+ Kd8 17. gxf6 exf6 18. Qf7 Be7 19. Ng6 Bd6 20. O-O Qb5 21. Nf4 Bxf4 22. Bxf4 Qd3 23. Qxb7 Rh8 24. Nd2 Qh3 25. f3 e5 26. dxe5 g5 27. Qxc6 gxf4 28. Qxd5+ Kc8 29. Qc4+ Nc7 30. Qxf4 Rhg8+ 31. Kf2 Qg2+ 32. Ke1 Rxe5+ 33. Kd1 Qe2+ 34. Kc2 Rd8 35. Rfd1 Qd3+ 36. Kc1 Re2 37. a4 Rd6 38. Ra3 Rc6 39. Rb3 f5 40. c4 Qd7 41. Rc3 Rd6 42. b3 Rd4 43. Qg5 Qd6 44. c5 Qe6 45. Kc2 Nd5 46. Qg1 Nb4+ 47. Kc1 Na2+ 48. Kc2 Nb4+ 49. Kc1 Rdxd2 0-1

[Event "DSOL 2021"]
[Site "Germany"]
[Date "2021.03.24"]
[Round "7.4"]
[White "Quante, Lennart"]
[Black "Lagemann, Stefan"]
[Result "1-0"]
[WhiteElo "2079"]
[BlackElo "1620"]
[Annotator "TA"]
[PlyCount "69"]
[EventDate "2021.01.18"]
[EventType "team-tourn"]
[EventCountry "GER"]
[SourceTitle "playchess.com"]
[Source "ChessBase"]
[SourceQuality "1"]

1. d4 c5 2. d5 Nf6 3. Nc3 g6 4. e4 d6 5. Nf3 Bg7 6. Bc4 O-O 7. O-O Bg4 8. h3 Bxf3 9. Qxf3 Nbd7 10. Qd1 Rb8 11. a4 Ne8 12. Kh1 Nc7 13. a5 b5 14. axb6 axb6 15. Nb5 Nxb5 16. Bxb5 Nf6 17. Qe2 Ra8 18. Bg5 Qc7 19. Bc6 Ra5 20. Rxa5 bxa5 21. Ra1 Rb8 22. Ra2 Rb4 23. Bd2 Rxe4 24. Qb5 Rd4 25. Bxa5 Qa7 26. Ra3 Rd1+ 27. Kh2 Nxd5 28. Bxd5 Be5+ 29. g3 Rxd5 30. Bd8 Qxa3 31. bxa3 Rd2 32. Qe8+ Kg7 33. Bxe7 Rxf2+ 34. Kg1 Rxc2 35. Qf8# 1-0

[Event "DSOL 2021"]
[Site "Germany"]
[Date "2021.03.24"]
[Round "7.4"]
[White "Klueners, Juergen"]
[Black "Spelleken, Mark"]
[Result "1-0"]
[WhiteElo "2071"]
[BlackElo "1505"]
[Annotator "TA"]
[PlyCount "96"]
[EventDate "2021.01.18"]
[EventType "team-tourn"]
[EventCountry "GER"]
[SourceTitle "playchess.com"]
[Source "ChessBase"]
[SourceQuality "1"]

1. e4 e5 2. Nf3 Nc6 3. Nc3 Bb4 4. Nd5 Ba5 5. c3 d6 6. d4 Bg4 7. dxe5 Bxf3 8. Qxf3 Nxe5 9. Qg3 Ng6 10. Bc4 Qh4 11. Qxh4 Nxh4 12. O-O Ng6 13. Be3 Ne5 14. Be2 O-O-O 15. Bxa7 c6 16. Bb6 Bxb6 17. Nxb6+ Kc7 18. Nc4 Nf6 19. f3 g5 20. Rad1 h5 21. Nxe5 dxe5 22. Rxd8 Rxd8 23. Rd1 Rg8 24. Kf2 b5 25. a3 g4 26. c4 Rb8 27. cxb5 cxb5 28. h3 b4 29. a4 b3 30. Bc4 Rb4 31. Bxf7 Rxa4 32. Rd3 gxh3 33. gxh3 Nd7 34. Rxb3 Nc5 35. Rc3 Kb6 36. Bxh5 Rd4 37. Ke3 Na4 38. Rd3 Rb4 39. b3 Nb2 40. Rd6+ Kc7 41. Rd5 Rxb3+ 42. Kf2 Nd3+ 43. Kg3 Rb1 44. Rxd3 Rg1+ 45. Kf2 Rg5 46. Bg4 Rg6 47. h4 Rh6 48. h5 Rh7 1-0

[Event "DSOL 2021"]
[Site "Germany"]
[Date "2021.03.25"]
[Round "7.4"]
[White "Waffenschmidt, Joachim"]
[Black "Guo, Philipp Ziming"]
[Result "0-1"]
[WhiteElo "2071"]
[BlackElo "1728"]
[Annotator "TA"]
[PlyCount "60"]
[EventDate "2021.01.18"]
[EventType "team-tourn"]
[EventCountry "GER"]
[SourceTitle "playchess.com"]
[Source "ChessBase"]
[SourceQuality "1"]

1. d4 Nf6 2. c4 e6 3. Nc3 Bb4 4. Qc2 O-O 5. a3 Bxc3+ 6. Qxc3 b6 7. Nf3 Bb7 8. e3 d5 9. b4 a5 10. b5 c5 11. bxc6 Nxc6 12. Rb1 Ne4 13. Qc2 Ba6 14. Bd3 Rc8 15. O-O Bxc4 16. Bxc4 Ne7 17. Qb2 dxc4 18. Qxb6 Nd5 19. Qxd8 Rfxd8 20. Rb5 a4 21. Ra5 Ndc3 22. Re1 Rd5 23. Ra7 Rb5 24. Nd2 f5 25. f3 Nxd2 26. Bxd2 Na2 27. Ra1 Rb2 28. Bb4 c3 29. Rxa4 c2 30. Bd2 Rb1+ 0-1

[Event "DSOL 2021"]
[Site "Germany"]
[Date "2021.03.25"]
[Round "7.4"]
[White "Gallasch, Robin"]
[Black "Forsback, Lenny"]
[Result "1/2-1/2"]
[WhiteElo "2067"]
[BlackElo "2042"]
[Annotator "TA"]
[PlyCount "79"]
[EventDate "2021.01.18"]
[EventType "team-tourn"]
[EventCountry "GER"]
[SourceTitle "playchess.com"]
[Source "ChessBase"]
[SourceQuality "1"]

1. d4 Nf6 2. c4 c5 3. d5 g6 4. Nc3 Bg7 5. e4 d6 6. Nf3 O-O 7. h3 Na6 8. Bd3 Rb8 9. O-O Bd7 10. Bg5 Nc7 11. Qe2 a6 12. a4 e5 13. Ne1 Qe8 14. f4 Nh5 15. fxe5 Bxe5 16. Rf2 b5 17. axb5 axb5 18. Bh6 bxc4 19. Bxc4 Bd4 20. Nd3 Nb5 21. Bxf8 Kxf8 22. Qf3 Bxf2+ 23. Kxf2 Nd4 24. Qe3 Qe7 25. Ra7 Qh4+ 26. Kg1 Be8 27. e5 Nf5 28. Qe4 Qg3 29. b3 Nhg7 30. exd6 Qxd6 31. Qe5 Qxe5 32. Nxe5 Nd6 33. Nd7+ Bxd7 34. Rxd7 Ngf5 35. Rc7 Rc8 36. Rxc8+ Nxc8 37. Ne4 Nfd6 38. Nxc5 Nxc4 39. bxc4 Nb6 40. Kf2 1/2-1/2

[Event "DSOL 2021"]
[Site "Germany"]
[Date "2021.03.24"]
[Round "7.4"]
[White "Goldinger, Peter"]
[Black "Thieu, Nguyen Gia Bao"]
[Result "1-0"]
[WhiteElo "2062"]
[BlackElo "1839"]
[Annotator "TA"]
[PlyCount "29"]
[EventDate "2021.01.18"]
[EventType "team-tourn"]
[EventCountry "GER"]
[SourceTitle "playchess.com"]
[Source "ChessBase"]
[SourceQuality "1"]

1. d4 Nf6 2. c4 e6 3. Nc3 Bb4 4. e3 c5 5. Nge2 O-O 6. a3 Bxc3+ 7. Nxc3 cxd4 8. exd4 d5 9. Bg5 Re8 10. Qf3 Nc6 11. O-O-O dxc4 12. Bxc4 h6 13. Bh4 Nxd4 14. Bxf6 gxf6 15. Qg4+ 1-0

[Event "DSOL 2021"]
[Site "Germany"]
[Date "2021.03.25"]
[Round "7.4"]
[White "Braun, Ingram"]
[Black "Schulze, Lukas"]
[Result "1-0"]
[WhiteElo "2055"]
[BlackElo "1638"]
[Annotator "TA"]
[PlyCount "79"]
[EventDate "2021.01.18"]
[EventType "team-tourn"]
[EventCountry "GER"]
[SourceTitle "playchess.com"]
[Source "ChessBase"]
[SourceQuality "1"]

1. e4 c5 2. Nc3 Nc6 3. g3 g6 4. Bg2 Bg7 5. d3 d6 6. Be3 e6 7. Qd2 Rb8 8. Nge2 b5 9. O-O b4 10. Nd1 Nd4 11. Nc1 Ba6 12. c3 bxc3 13. bxc3 Nc6 14. f4 Nge7 15. f5 Nc8 16. fxe6 fxe6 17. Bh6 Qc7 18. Bh3 Nd8 19. Bg5 Qd7 20. Rf2 Nf7 21. Bf6 Kf8 22. Ne3 Kg8 23. Ng4 h5 24. Bxg7 Kxg7 25. Nf6 Qe7 26. Ne2 Rf8 27. Raf1 Nb6 28. Nf4 Ne5 29. Nxe6+ Kf7 30. Nd5+ Ke8 31. Rxf8+ Qxf8 32. Rxf8+ Kd7 33. Ng5+ Kc6 34. Rxb8 Nbd7 35. Bxd7+ Kxd7 36. Ra8 Bxd3 37. Rxa7+ Kc6 38. Rc7+ Kb5 39. Qb2+ Kc4 40. Nb6# 1-0

[Event "DSOL 2021"]
[Site "Germany"]
[Date "2021.03.22"]
[Round "7.4"]
[White "Hettergott, Thomas"]
[Black "Lewin, Tammo"]
[Result "0-1"]
[WhiteElo "2045"]
[BlackElo "2076"]
[Annotator "TA"]
[PlyCount "136"]
[EventDate "2021.01.18"]
[EventType "team-tourn"]
[EventCountry "GER"]
[SourceTitle "playchess.com"]
[Source "ChessBase"]
[SourceQuality "1"]

1. e4 Nc6 2. Nc3 Nf6 3. Bb5 e5 4. Nf3 Nd4 5. Ba4 Bc5 6. O-O O-O 7. d3 d6 8. h3 c6 9. Nxd4 Bxd4 10. Ne2 Bb6 11. Ng3 h6 12. Nh5 d5 13. Qf3 Nxh5 14. Qxh5 dxe4 15. dxe4 Qd4 16. Bb3 Qxe4 17. Bd2 Qf5 18. Qxf5 Bxf5 19. Rfe1 Rfe8 20. Re2 Be6 21. Rae1 Bxb3 22. axb3 f6 23. Kf1 Kf7 24. Re4 Bd4 25. Bc3 Bxc3 26. bxc3 Rad8 27. Ke2 Rd7 28. Rd1 Rxd1 29. Kxd1 f5 30. Ra4 a6 31. Ke2 Kf6 32. c4 Rd8 33. Ra5 h5 34. h4 g6 35. c3 Ke6 36. b4 Rd7 37. Ra1 e4 38. Ra5 Rd3 39. Ra3 Rd7 40. Ra5 Kd6 41. Ra2 c5 42. Ra5 Rc7 43. b5 axb5 44. cxb5 Kd5 45. Ra4 c4 46. b6 Rc5 47. Ke3 Kc6 48. Rb4 Kd5 49. Kf4 Rc6 50. Rb5+ Rc5 51. Rb4 Ke6 52. Kg5 Ke5 53. g3 e3 54. fxe3 Rc6 55. Ra4 Ke4 56. Ra8 Kd3 57. Rg8 Kxc3 58. Rxg6 Rxg6+ 59. Kxg6 Kd3 60. e4 fxe4 61. g4 hxg4 62. h5 g3 63. h6 g2 64. h7 g1=R+ 65. Kf7 Rh1 66. Kg7 e3 67. h8=Q Rxh8 68. Kxh8 e2 0-1

[Event "DSOL 2021"]
[Site "Germany"]
[Date "2021.03.24"]
[Round "7.4"]
[White "Mueller, Thomas"]
[Black "Delacor, Marcus"]
[Result "0-1"]
[WhiteElo "2025"]
[BlackElo "1757"]
[Annotator "TA"]
[PlyCount "64"]
[EventDate "2021.01.18"]
[EventType "team-tourn"]
[EventCountry "GER"]
[SourceTitle "playchess.com"]
[Source "ChessBase"]
[SourceQuality "1"]

1. d4 d5 2. c4 e6 3. Nc3 f5 4. cxd5 exd5 5. g3 Nf6 6. Bg2 c6 7. Nf3 Bd6 8. O-O O-O 9. Bg5 Qe8 10. Qc2 Ne4 11. Be3 Nd7 12. Rae1 f4 13. Bc1 Nxc3 14. bxc3 Nb6 15. e4 Qg6 16. Nh4 Qh6 17. Nf5 Bxf5 18. exf5 Rf6 19. Re2 Raf8 20. Rfe1 Rxf5 21. Re6 R5f6 22. Rxf6 Qxf6 23. Bxf4 Bxf4 24. gxf4 Qxf4 25. Qe2 Nc4 26. Rd1 h6 27. Rd3 Nd6 28. Rg3 Qc1+ 29. Bf1 Ne4 30. Rg4 Rxf2 31. Rxe4 Rxe2 32. Rxe2 Qxc3 0-1

[Event "DSOL 2021"]
[Site "Germany"]
[Date "2021.03.25"]
[Round "7.4"]
[White "Mix, Clemens"]
[Black "Sedlmayr, David"]
[Result "1-0"]
[WhiteElo "1981"]
[BlackElo "1435"]
[Annotator "TA"]
[PlyCount "47"]
[EventDate "2021.01.18"]
[EventType "team-tourn"]
[EventCountry "GER"]
[SourceTitle "playchess.com"]
[Source "ChessBase"]
[SourceQuality "1"]

1. d4 d5 2. c4 e6 3. Nf3 Nf6 4. g3 Be7 5. Bg2 O-O 6. O-O Nbd7 7. Nc3 b6 8. Ne5 Bb7 9. Qa4 Nxe5 10. dxe5 Ng4 11. cxd5 Nxf2 12. Rxf2 Bc5 13. e3 f6 14. exf6 exd5 15. Bd2 d4 16. Qc4+ Kh8 17. fxg7+ Kxg7 18. Rxf8 Qxf8 19. exd4 Rd8 20. Be3 Bxg2 21. Kxg2 Qe8 22. Rf1 b5 23. Qxc5 Qxe3 24. Qxc7+ 1-0

[Event "DSOL 2021"]
[Site "Germany"]
[Date "2021.03.22"]
[Round "7.4"]
[White "Rogozenco, Teodora"]
[Black "Moeller, Jonas"]
[Result "1/2-1/2"]
[WhiteElo "1978"]
[BlackElo "1848"]
[Annotator "TA"]
[PlyCount "72"]
[EventDate "2021.01.18"]
[EventType "team-tourn"]
[EventCountry "GER"]
[SourceTitle "playchess.com"]
[Source "ChessBase"]
[SourceQuality "1"]

1. d4 Nf6 2. Nf3 d5 3. c4 e6 4. Nc3 dxc4 5. e4 Bb4 6. Bg5 c5 7. dxc5 Qxd1+ 8. Rxd1 Nbd7 9. Nd2 Nxc5 10. Bxc4 O-O 11. O-O Bxc3 12. bxc3 h6 13. Bxf6 gxf6 14. f3 b6 15. Nb3 Ba6 16. Bxa6 Nxa6 17. Rd7 Rfc8 18. Rfd1 Nc5 19. Nxc5 Rxc5 20. Re7 a5 21. Rdd7 Rf8 22. Rb7 Rxc3 23. Rxb6 Rc1+ 24. Kf2 Rc2+ 25. Kg3 Rxa2 26. Rbb7 a4 27. Ra7 a3 28. h4 Ra1 29. Kg4 a2 30. Red7 Kh7 31. Kh5 Kg7 32. Rdc7 Kg8 33. Kg4 Kh7 34. Kh5 Kg8 35. Kg4 Kh7 36. Kh5 Kg8 1/2-1/2

[Event "DSOL 2021"]
[Site "Germany"]
[Date "2021.03.26"]
[Round "7.4"]
[White "Gnegel, Boris-Igor"]
[Black "Sana, Mariano"]
[Result "1-0"]
[WhiteElo "1969"]
[BlackElo "2045"]
[Annotator "TA"]
[PlyCount "61"]
[EventDate "2021.01.18"]
[EventType "team-tourn"]
[EventCountry "GER"]
[SourceTitle "playchess.com"]
[Source "ChessBase"]
[SourceQuality "1"]
[WhiteTeam "SF Bad Tölz"]
[BlackTeam "SC Kreuzberg I"]

1. e4 c5 2. d4 cxd4 3. c3 d5 4. exd5 Qxd5 5. cxd4 Nf6 6. Nc3 Qd8 7. Nf3 Bg4 8. Bb5+ Nbd7 9. h3 a6 10. hxg4 axb5 11. g5 Ng8 12. Qd3 g6 13. Qxb5 Bg7 14. Bf4 Qb6 15. Nd5 Qxb5 16. Nc7+ Kd8 17. Nxb5 e5 18. Nxe5 Nxe5 19. Bxe5 Bxe5 20. dxe5 Ra5 21. a4 Ke7 22. O-O h6 23. Rfc1 Kf8 24. Rc7 hxg5 25. Rxb7 Nh6 26. Rb8+ Kg7 27. Rxh8 Kxh8 28. b4 Ra8 29. a5 Nf5 30. Nc7 Rc8 31. a6 1-0

[Event "DSOL 2021"]
[Site "Germany"]
[Date "2021.03.22"]
[Round "7.4"]
[White "Schramm, Matthias"]
[Black "Steinmüller, Alexander"]
[Result "1-0"]
[WhiteElo "1968"]
[BlackElo "1489"]
[Annotator "TA"]
[PlyCount "129"]
[EventDate "2021.01.18"]
[EventType "team-tourn"]
[EventCountry "GER"]
[SourceTitle "playchess.com"]
[Source "ChessBase"]
[SourceQuality "1"]

1. c4 e5 2. Nc3 Nc6 3. g3 Bc5 4. Bg2 a6 5. a3 d6 6. e3 Ba7 7. b4 h5 8. d3 Bg4 9. Qc2 Qd7 10. h3 Be6 11. Nge2 Nf6 12. Nd5 Bxd5 13. cxd5 Ne7 14. Nc3 Rc8 15. Bb2 Ng6 16. Rc1 Ne7 17. Qd2 O-O 18. O-O Qf5 19. e4 Qd7 20. Ne2 h4 21. Kh2 Ng6 22. d4 Rfe8 23. dxe5 Nxe5 24. Bd4 Bb8 25. f4 hxg3+ 26. Nxg3 Ng6 27. Rce1 c5 28. dxc6 bxc6 29. Qb2 Qd8 30. Bxf6 Qxf6 31. Qxf6 gxf6 32. Nh5 Re7 33. Nxf6+ Kg7 34. Nh5+ Kh6 35. Ng3 Ra7 36. Nf5+ Kh7 37. Kh1 a5 38. h4 axb4 39. axb4 Ra4 40. h5 Nf8 41. Rb1 Ne6 42. b5 c5 43. b6 Rg8 44. Rf2 Rg4 45. Ne7 Nd4 46. b7 Rb4 47. Rxb4 cxb4 48. Rd2 Rh4+ 49. Kg1 Ba7 50. Kf1 Rxf4+ 51. Ke1 Rg4 52. Rxd4 Rxg2 53. Rxb4 Bb8 54. Nc6 Rg8 55. Nxb8 Rxb8 56. Ke2 Kh6 57. Rb5 Kg7 58. Kd3 Kf6 59. Kd4 Ke6 60. h6 Kd7 61. Kd5 Kc7 62. h7 f6 63. Ke6 Kc6 64. Rb3 Kc7 65. Kxf6 1-0

[Event "DSOL 2021"]
[Site "Germany"]
[Date "2021.03.23"]
[Round "7.4"]
[White "Stellmacher, Nico"]
[Black "Hamann, Marcus"]
[Result "1-0"]
[WhiteElo "1940"]
[BlackElo "1809"]
[Annotator "TA"]
[PlyCount "73"]
[EventDate "2021.01.18"]
[EventType "team-tourn"]
[EventCountry "GER"]
[SourceTitle "playchess.com"]
[Source "ChessBase"]
[SourceQuality "1"]

1. e4 c5 2. Nf3 Nc6 3. d3 d6 4. g3 g6 5. Bg2 Bg7 6. O-O Nf6 7. Re1 e5 8. Nc3 Bg4 9. Nd5 Nxd5 10. exd5 Nd4 11. c3 Nxf3+ 12. Bxf3 Bxf3 13. Qxf3 O-O 14. Qe2 Qd7 15. Bd2 a5 16. a4 b6 17. c4 Rae8 18. b3 e4 19. Rad1 exd3 20. Qxd3 Rxe1+ 21. Rxe1 Re8 22. Rxe8+ Qxe8 23. Qe3 Qd7 24. Kg2 Bd4 25. Qe4 Kg7 26. Bf4 Bf6 27. h3 Bd4 28. Bg5 Bf6 29. Be3 Be5 30. Qg4 f5 31. Qe2 Kf7 32. Bg5 Bf6 33. Bf4 g5 34. Qh5+ Kg7 35. Bxg5 Qe7 36. Qh6+ Kf7 37. Qxh7+ 1-0

[Event "DSOL 2021"]
[Site "Germany"]
[Date "2021.03.24"]
[Round "7.4"]
[White "Noppes, Marina"]
[Black "Shepard"]
[Result "1/2-1/2"]
[WhiteElo "1936"]
[BlackElo "1620"]
[Annotator "TA"]
[PlyCount "37"]
[EventDate "2021.01.18"]
[EventType "team-tourn"]
[EventCountry "GER"]
[SourceTitle "playchess.com"]
[Source "ChessBase"]
[SourceQuality "1"]

1. d4 d6 2. c4 Nf6 3. Nf3 g6 4. Nc3 Bg7 5. e4 O-O 6. Be2 Bg4 7. Be3 Nbd7 8. O-O Bxf3 9. Bxf3 e5 10. d5 Ne8 11. Be2 f5 12. exf5 gxf5 13. f3 Nef6 14. Qd2 b5 15. Nxb5 a6 16. Nc3 Kh8 17. Bg5 Qe8 18. Rae1 Rg8 19. Kh1 1/2-1/2

[Event "DSOL 2021"]
[Site "Germany"]
[Date "2021.03.26"]
[Round "7.4"]
[White "Schwingen, Dominik"]
[Black "Mai, Artur"]
[Result "1-0"]
[WhiteElo "1923"]
[BlackElo "1737"]
[Annotator "ChessBase"]
[PlyCount "61"]
[EventDate "2021.01.18"]
[EventType "team-tourn"]
[EventCountry "GER"]
[SourceTitle "playchess.com"]
[Source "ChessBase"]
[SourceQuality "1"]
[WhiteTeam "SK Ettlingen II"]
[BlackTeam "SV Hemer"]

1. e4 e6 2. d4 d5 3. e5 c5 4. c3 Qb6 5. Nf3 Bd7 6. a3 Bb5 7. b4 cxb4 8. Bxb5+ Qxb5 9. axb4 Nd7 10. Na3 Qc6 11. Bd2 b5 12. O-O Ne7 13. Qe2 a6 14. Ra2 Nb6 15. Rfa1 Na4 16. Ne1 Nc8 17. Nd3 Ncb6 18. Nc5 Nxc5 19. dxc5 Nc4 20. Nxc4 dxc4 21. Qf3 Qc8 22. Ra5 Be7 23. Rxb5 O-O 24. Rb7 Bd8 25. Be3 a5 26. b5 Rb8 27. c6 Bc7 28. Bc5 Rd8 29. b6 Rd3 30. Rxc7 Qd8 31. Qxf7+ 1-0

[Event "DSOL 2021"]
[Site "Germany"]
[Date "2021.03.26"]
[Round "7.4"]
[White "Bahr, Torsten"]
[Black "Walter, Rainer"]
[Result "1-0"]
[WhiteElo "1904"]
[BlackElo "1681"]
[Annotator "ChessBase"]
[PlyCount "91"]
[EventDate "2021.01.18"]
[EventType "team-tourn"]
[EventCountry "GER"]
[SourceTitle "playchess.com"]
[Source "ChessBase"]
[SourceQuality "1"]
[WhiteTeam "Eckernförder SC I"]
[BlackTeam "TSV Willsbach"]

1. Nc3 e5 2. Nf3 d6 3. d4 exd4 4. Nxd4 Nf6 5. Bg5 Be7 6. Qd2 O-O 7. e4 a6 8. a4 Nbd7 9. Be2 Nc5 10. f3 Ne6 11. Be3 Bd7 12. O-O Nxd4 13. Bxd4 Be6 14. Rad1 Re8 15. b3 h6 16. Kh1 Nh5 17. g4 Nf6 18. Rg1 Nh7 19. f4 Bf6 20. Be3 Rc8 21. g5 hxg5 22. fxg5 Be5 23. g6 fxg6 24. Rxg6 Qh4 25. Bd3 Re7 26. Rdg1 Rf8 27. Rh6 Qxh6 28. Bxh6 Rf3 29. Nd5 Ref7 30. Be3 Rh3 31. Nf4 Bxf4 32. Bxf4 Rf3 33. Bg3 Nf6 34. e5 Bd5 35. Rg2 Ng4 36. Bh7+ Kxh7 37. Qxd5 Ne3 38. Qe4+ Kh8 39. Rg1 d5 40. Qh4+ Kg8 41. e6 R7f6 42. e7 Kf7 43. Be5 Nf5 44. Qh5+ Kxe7 45. Bxf6+ gxf6 46. Qxf3 1-0

[Event "DSOL 2021"]
[Site "Germany"]
[Date "2021.03.26"]
[Round "7.4"]
[White "Arndt, Olaf"]
[Black "Jank, Kevin"]
[Result "1-0"]
[WhiteElo "1886"]
[BlackElo "1742"]
[Annotator "NA"]
[PlyCount "47"]
[EventDate "2021.01.18"]
[EventType "team-tourn"]
[EventCountry "GER"]
[SourceTitle "playchess.com"]
[Source "ChessBase"]
[SourceQuality "1"]
[WhiteTeam "SV Horst-Emscher I"]
[BlackTeam "SG Arnstadt-Stadtilm"]

1. e4 d5 2. exd5 Qxd5 3. Nc3 Qa5 4. d4 c6 5. Nf3 Nf6 6. Bd2 Qc7 7. Bd3 Bg4 8. h3 Bh5 9. g4 Bg6 10. Bxg6 hxg6 11. Ng5 e6 12. Qf3 Bd6 13. O-O-O Na6 14. Rhe1 O-O-O 15. a3 Rd7 16. Nce4 Nxe4 17. Rxe4 e5 18. dxe5 Bxe5 19. Rxe5 Qxe5 20. Nxf7 Qe6 21. Nxh8 Qa2 22. c3 Nc5 23. Qf8+ Rd8 24. Qxc5 1-0

[Event "DSOL 2021"]
[Site "Germany"]
[Date "2021.03.24"]
[Round "7.4"]
[White "Wolf, Jonas"]
[Black "Hummel, Felician"]
[Result "0-1"]
[WhiteElo "1882"]
[BlackElo "1691"]
[Annotator "NA RC"]
[PlyCount "48"]
[EventDate "2021.01.18"]
[EventType "team-tourn"]
[EventCountry "GER"]
[SourceTitle "playchess.com"]
[Source "ChessBase"]
[SourceQuality "1"]

1. e4 e6 2. d4 d5 3. exd5 exd5 4. Bd3 Bd6 5. Nc3 Ne7 6. Nge2 Nbc6 7. Bg5 f6 8. Bh4 Be6 9. Qd2 Qd7 10. O-O-O O-O-O 11. Kb1 Nb4 12. Bg3 Nxd3 13. Qxd3 Bf5 14. Qb5 c6 15. Qa5 Kb8 16. Na4 b6 17. Qc3 Nc8 18. Qb3 Ka8 19. Rhe1 Rhe8 20. Nac3 Re7 21. Bxd6 Nxd6 22. Ng3 Bg6 23. a4 Nc4 24. f4 Rxe1 0-1